Random Geography Facts - Statistics

General Stats
  • This quiz has been taken 114 times
    57 since last reset
  • The average score is 5 of 10
Answer Stats
Clue Guess % Correct
Capital of Macedonia Skopje
82%
Day of the week where North Dakota became a state Saturday
78%
Largest single neighbor nation Canada
71%
Largest Fijian City Suva
69%
Smallest sovereign nation in the Americas St Kitts and Nevis
67%
National animal of Sweden Elk
45%
Top level domain for Tuvalu .TV
37%
2nd largest city in Ukraine by population Kharkiv
35%
Turkmenistan currency Manat
10%
Michigan's Little Bavaria Frankenmuth
8%
No matching quizzes found
Score Distribution
Percent of People with Each Score
Percentile by Number Answered
Your Score History
You have not taken this quiz since the last reset